<?xml version="1.0" encoding="UTF-8"?>
<record
    xmlns:xsi="http://www.w3.org/2001/XMLSchema-instance"
    xsi:schemaLocation="http://www.loc.gov/MARC21/slim http://www.loc.gov/standards/marcxml/schema/MARC21slim.xsd"
    xmlns="http://www.loc.gov/MARC21/slim">

  <leader>00814nam a22002417a 4500</leader>
  <controlfield tag="005">20260326064402.0</controlfield>
  <controlfield tag="008">121119t1994    sp ||||| |||| 00| 0 spa d</controlfield>
  <datafield tag="020" ind1=" " ind2=" ">
    <subfield code="a">8448119738</subfield>
  </datafield>
  <datafield tag="040" ind1=" " ind2=" ">
    <subfield code="a">AR-MoUNM</subfield>
  </datafield>
  <datafield tag="082" ind1="0" ind2=" ">
    <subfield code="2">20</subfield>
    <subfield code="a">330.1</subfield>
    <subfield code="b">BEK</subfield>
  </datafield>
  <datafield tag="100" ind1="1" ind2=" ">
    <subfield code="9">1484</subfield>
    <subfield code="a">Beker, V&#xED;ctor A.</subfield>
  </datafield>
  <datafield tag="245" ind1="1" ind2="0">
    <subfield code="a">Econom&#xED;a : </subfield>
    <subfield code="b">elementos de micro y macroeconom&#xED;a / </subfield>
    <subfield code="c">V&#xED;ctor Alberto Beker ; Francisco Moch&#xF3;n Morcillo.</subfield>
  </datafield>
  <datafield tag="260" ind1=" " ind2=" ">
    <subfield code="a">Madrid : </subfield>
    <subfield code="b">McGraw Hill,</subfield>
    <subfield code="c">c1994.</subfield>
  </datafield>
  <datafield tag="300" ind1=" " ind2=" ">
    <subfield code="a">380 p. :</subfield>
    <subfield code="b">il. ; </subfield>
    <subfield code="c">24 cm. </subfield>
  </datafield>
  <datafield tag="500" ind1=" " ind2=" ">
    <subfield code="a">Contiene &#xED;ndice anal&#xED;tico.</subfield>
  </datafield>
  <datafield tag="504" ind1=" " ind2=" ">
    <subfield code="a">Incluye referencias bibliogr&#xE1;ficas.</subfield>
  </datafield>
  <datafield tag="650" ind1=" " ind2="7">
    <subfield code="2">unescot</subfield>
    <subfield code="9">995</subfield>
    <subfield code="a">SISTEMA ECONOMICO</subfield>
  </datafield>
  <datafield tag="650" ind1=" " ind2="7">
    <subfield code="2">unescot</subfield>
    <subfield code="9">320</subfield>
    <subfield code="a">MICROECONOMIA</subfield>
  </datafield>
  <datafield tag="650" ind1=" " ind2="7">
    <subfield code="a">MACROECONOMIA</subfield>
    <subfield code="2">unescot</subfield>
    <subfield code="9">18</subfield>
  </datafield>
  <datafield tag="650" ind1=" " ind2="7">
    <subfield code="2">mpirdes</subfield>
    <subfield code="a">ECONOMIA</subfield>
    <subfield code="9">19</subfield>
  </datafield>
  <datafield tag="700" ind1="1" ind2=" ">
    <subfield code="9">3787</subfield>
    <subfield code="a">Moch&#xF3;n Morcillo, Francisco.</subfield>
  </datafield>
  <datafield tag="942" ind1=" " ind2=" ">
    <subfield code="c">LIBRO</subfield>
  </datafield>
  <datafield tag="999" ind1=" " ind2=" ">
    <subfield code="c">1413</subfield>
    <subfield code="d">1413</subfield>
  </datafield>
  <datafield tag="952" ind1=" " ind2=" ">
    <subfield code="0">0</subfield>
    <subfield code="1">0</subfield>
    <subfield code="4">0</subfield>
    <subfield code="7">0</subfield>
    <subfield code="a">UNM</subfield>
    <subfield code="b">UNM</subfield>
    <subfield code="d">2012-11-19</subfield>
    <subfield code="i">3374</subfield>
    <subfield code="l">26</subfield>
    <subfield code="m">13</subfield>
    <subfield code="o">330.1  BEK 424</subfield>
    <subfield code="p">3374</subfield>
    <subfield code="r">2019-09-23 00:00:00</subfield>
    <subfield code="s">2019-09-16</subfield>
    <subfield code="t">Ej. C</subfield>
    <subfield code="w">2012-11-19</subfield>
    <subfield code="y">LIBRO</subfield>
  </datafield>
  <datafield tag="952" ind1=" " ind2=" ">
    <subfield code="0">0</subfield>
    <subfield code="1">0</subfield>
    <subfield code="4">0</subfield>
    <subfield code="7">0</subfield>
    <subfield code="a">UNM</subfield>
    <subfield code="b">UNM</subfield>
    <subfield code="d">2014-10-07</subfield>
    <subfield code="e">Donaci&#xF3;n Biblioteca Prof. Alfredo L. Palacios- FCE-UBA</subfield>
    <subfield code="i">10683</subfield>
    <subfield code="l">19</subfield>
    <subfield code="m">19</subfield>
    <subfield code="o">330.1 BEK 424</subfield>
    <subfield code="p">10683</subfield>
    <subfield code="q">2026-02-02</subfield>
    <subfield code="r">2025-12-17 15:50:48</subfield>
    <subfield code="s">2025-12-17</subfield>
    <subfield code="t">Ej. 1</subfield>
    <subfield code="w">2014-10-07</subfield>
    <subfield code="y">LIBRO</subfield>
  </datafield>
  <datafield tag="952" ind1=" " ind2=" ">
    <subfield code="0">0</subfield>
    <subfield code="1">0</subfield>
    <subfield code="4">0</subfield>
    <subfield code="7">0</subfield>
    <subfield code="a">UNM</subfield>
    <subfield code="b">UNM</subfield>
    <subfield code="d">2014-10-22</subfield>
    <subfield code="e">Donaci&#xF3;n Biblioteca Prof.Alfredo L. Palacios. FCE-UBA</subfield>
    <subfield code="i">10749</subfield>
    <subfield code="l">6</subfield>
    <subfield code="m">6</subfield>
    <subfield code="o">330.1 BEK 424</subfield>
    <subfield code="p">10749</subfield>
    <subfield code="r">2019-05-15 00:00:00</subfield>
    <subfield code="s">2019-04-22</subfield>
    <subfield code="t">Ej. 2</subfield>
    <subfield code="w">2014-10-22</subfield>
    <subfield code="y">LIBRO</subfield>
  </datafield>
  <datafield tag="952" ind1=" " ind2=" ">
    <subfield code="0">0</subfield>
    <subfield code="1">0</subfield>
    <subfield code="4">0</subfield>
    <subfield code="7">0</subfield>
    <subfield code="a">UNM</subfield>
    <subfield code="b">UNM</subfield>
    <subfield code="d">2017-04-17</subfield>
    <subfield code="e">Donaci&#xF3;n Biblioteca Prof.Alfredo L. Palacios. FCE-UBA</subfield>
    <subfield code="i">13812</subfield>
    <subfield code="l">5</subfield>
    <subfield code="m">8</subfield>
    <subfield code="o">330.1 BEK 424</subfield>
    <subfield code="p">13812</subfield>
    <subfield code="r">2026-04-14 13:06:10</subfield>
    <subfield code="s">2026-03-30</subfield>
    <subfield code="t">Ej. 3</subfield>
    <subfield code="w">2017-04-17</subfield>
    <subfield code="y">LIBRO</subfield>
  </datafield>
</record>
